| 000 | 00324 a2200145 4500 | ||
|---|---|---|---|
| 003 | Nust | ||
| 005 | 20170207153530.0 | ||
| 040 | _cNust | ||
| 082 | _a891.91 | ||
| 100 | _a Hayatullah Ansari | ||
| 245 |
_aBhary Bazar Main _cHayatullah Ansari |
||
| 260 |
_aIslamabad _bAlhamra Press |
||
| 300 | _a324:p | ||
| 650 | _aUrdu Literature | ||
| 942 |
_2ddc _cBK |
||
| 999 |
_c187938 _d187938 |
||